书目信息 |
| 题名: |
COSO框架下的内部控制
|
|
| 作者: | 牛成喆 著 | |
| 分册: | ||
| 出版信息: | 北京 经济科学出版社 2005 |
|
| 页数: | 259页 | |
| 开本: | 21cm | |
| 丛书名: | ||
| 单 册: | ||
| 中图分类: | F276.6 | |
| 科图分类: | ||
| 主题词: | 公司--Gong Si--企业管理 , 企业经济 | |
| 电子资源: | ||
| ISBN: | 7-5058-5109-8 | |
| 000 | 00717nam0 2200253 450 | |
| 001 | CAL 012006010479 | |
| 005 | 20061120155031.06 | |
| 010 | @a7-5058-5109-8@dCNY 18.00 | |
| 099 | @aCAL 012006010479 | |
| 100 | @a20060221d2005 ekmy0chiy0120 ea | |
| 101 | 0 | @achi |
| 102 | @aCN@b110000 | |
| 105 | @aak an 000yy | |
| 200 | 1 | @aCOSO框架下的内部控制@ACOSO Kuang Jia Xia De Nei Bu Kong Zhi@f牛成喆著 |
| 210 | @a北京@c经济科学出版社@d2005 | |
| 215 | @a259页@c图@d21cm | |
| 320 | @a有书目 (第255-257页) | |
| 606 | 0 | @a公司@AGong Si@x企业管理 |
| 606 | 0 | @a企业经济 |
| 690 | @aF276.6@v4 | |
| 701 | 0 | @a牛成喆@ANiu Cheng Zhe,@f1969-@4著 |
| 801 | @aCN@c20061120 | |
| 905 | @a10447@dF276.6@eN700 | |
| 998 | @aSDFI | |
| COSO框架下的内部控制/牛成喆著.-北京:经济科学出版社,2005 |
| 259页:图;21cm |
| ISBN 7-5058-5109-8:CNY 18.00 |
| ● |
| 相关链接 |
|
|
|
正题名:COSO框架下的内部控制
索取号:F276.6/N700
 
预约/预借
| 序号 | 登录号 | 条形码 | 馆藏地/架位号 | 状态 | 备注 |
| 1 | 611107 | 206111072 | 社科二线422/409社科库 96排3列1层/ [索取号:F276.6/N700] | 在馆 | |
| 2 | 611108 | 206111081 | 社科库409/409社科库 96排3列1层/ [索取号:F276.6/N700] | 在馆 | |
| 3 | 611109 | 206111090 | 社科库409/409社科库 96排3列1层/ [索取号:F276.6/N700] | 在馆 |